US sports teams not named after a city - Statistics

General Stats
  • This quiz has been taken 6,880 times
    3,368 since last reset
  • The average score is 11 of 23
Answer Stats
League Team % Correct
NFL Carolina Panthers
78%
NHL Florida Panthers
74%
NFL New England Patriots
71%
NFL Arizona Cardinals
68%
NFL Minnesota Vikings
65%
NBA Golden State Warriors
62%
NFL Tennessee Titans
62%
MLB Texas Rangers
58%
NBA Utah Jazz
57%
NBA Minnesota Timberwolves
56%
MLB Arizona Diamondbacks
51%
MLB Minnesota Twins
51%
MLB Colorado Rockies
50%
NHL Minnesota Wild
49%
NHL Colorado Avalanche
44%
NBA Indiana Pacers
44%
NHL Carolina Hurricanes
41%
NHL Arizona Coyotes
37%
NHL New Jersey Devils
36%
NBA Brooklyn Nets
30%
NFL Tampa Bay Buccaneers
24%
MLB Tampa Bay Rays
18%
NHL Tampa Bay Lightning
16%
No matching quizzes found
Score Distribution
Percent of People with Each Score
Percentile by Number Answered
Your Score History
You have not taken this quiz since the last reset